01181nam a2200217Ia 4500003000400000005001700004008004000021020001800061040000700079041000800086082001300094100001800107245003300125260004100158300001000199520067400209650001000883650002500893650002500918700002000943OSt20250506101524.0210210b2012 xxu||||| |||| 00| 0 eng d a9788121907750 cAL aeng a510 RANT aG K Ranganath aTextbook of B.Sc Mathematics aNew DelhibS. Chand & Co. Ltd.c2012 ax,578 aThe present book, A Textbook of B.Sc. Mathematics,covers the syllabus of Mathematics for V semester, which includes chapters on Rings, Integral Domain Fields, Geometry of space curves, Vector differential calculus and special functions in the paper V and the Chapters on Partial Differential equations, Numerical Analysis and Particle Dynamics in the paper VI. Table of Contents Paper-V Chapter-1: Rings, Integral, Domains And Fields Chapter-2: Geometry Of Space Curves Chapter-3: Differential Calculus Of Scalar And Vector Fields Chapter-4: Special Functions Paper-Vi Chapter-1: Partial Differential Equations Chapter-2: Numerical Analysis Chapter-3: Partical Dynamics aV SEM aPaper V and Paper VI aBangalore University aRANGANATH (G K)